Uzupełnij tekst "Lubię wracać tam gdzie byłem" - Statystyki

Ogólne statystyki
  • Ten quiz został rozwiązany 101 razy
  • Średni wynik to 24 z 33
Statystyki odpowiedzi
Hint Odpowiedź % Poprawnych
Ta dziewczyna z ... warkoczami
94%
Lubię, ... wracać tam gdzie byłem już lubię
91%
.. kochałaś pierwszy raz gdy
90%
... kochałaś pierwszy raz gdy
90%
Na ... te, znajome tak uliczki
88%
Na ... te, znajome tak uliczki
88%
... nie stanie w nich czasami czy
87%
... nie stanie w nich czasami czy
87%
Pod ten ... pełen pnących róż balkon
86%
Pod ten ... pełen pnących róż balkon
86%
Lubię wracać w ..., które znam strony
86%
Lubisz wracać w ..., które znasz strony
86%
Do znajomych drzwi ... myśląc czy pukać
85%
Do znajomych drzwi ... myśląc czy pukać
85%
Lubisz, ... wracać tam gdzie byłaś już lubisz
81%
Tamten chłopak ze ... skrzypcami
79%
Po wspomnienia ... tam zostawione
79%
By się ... w nich, odnaleźć w nich przejrzeć
73%
By się ... w nich, odnaleźć w nich przejrzeć
73%
Co ... nas gna w nowe strony zadyszany czas dzień
68%
Do ... twarzy zbliżyć twoją twarz mej
67%
Kilka ... i kilka wierszy z czasów nut
65%
Kilka ... i kilka wierszy z czasów nut
65%
Choćby nikły cień, ... serca drżeń pierwszych
64%
Choćby nikły cień, ... serca drżeń pierwszych
64%
Oglądasz się, tam gdzie ... zostawiłaś swą miłość
60%
... jak ja, jak ja tak
59%
Sto dat, sto spraw ... nas, gna nas wciąga
55%
W samym środku ... dnia zdyszanego
53%
I moje dni, ... pośpiech, czasu znak wszechobecny
50%
Ty jedyna mnie umiesz ..., bo pojąć
37%
... się oglądasz
36%
... mi, może przez to tak Naznaczy
31%
Nie znaleziono quizów pasujących do podanych kryteriów
Rozkład punktacji
Procent ludzi z każdym wynikiem
Percentyl według liczby udzielonych odpowiedzi
Twoja historia wyników
Nie rozwiązałeś tego quizu